Učebnice matematiky pro posluchače VŠE : celostátní vysokoškolská učebnice pro studující ekonomických fakult studijních oborů 62 /

Hlavní autor: Horský, Zdeněk, 1929-1988
Jazyk: Čeština
Vydáno: Praha : Státní nakladatelství technické literatury, 1987
Vydání: 7. přeprac. vyd.
Témata:
Fyzický popis: 310 s.
Knihy
Uloženo v:
LEADER 01033nam a22002652a 4500
001 000131006
003 CZ BrMZK
005 20061201092202.0
007 ta
008 970103s1987 xr f cze d
015 |a cnb000037271 
035 |a (OCoLC)39409887 
040 |a BOA001  |b cze 
080 |a 51(075.8)  |2 MRF 
100 1 |a Horský, Zdeněk,  |d 1929-1988  |7 jk01042288  |4 aut 
245 1 0 |a Učebnice matematiky pro posluchače VŠE :  |b celostátní vysokoškolská učebnice pro studující ekonomických fakult studijních oborů 62 /  |c Zdeněk Horský 
250 |a 7. přeprac. vyd. 
260 |a Praha :  |b Státní nakladatelství technické literatury,  |c 1987 
300 |a 310 s. 
910 |a BOA001  |b TK-0235.707  |b 2-0928.833,1 
920 |a 000104363 
964 |a Matematika - učebnice - vysoké školy 
990 |a BK 
996 7 |b 2619997087  |c 2-0928.833,1  |l MZK  |r Sklad / do 1 hodiny  |n 10  |w 000131006  |u 000020  |a 1  |e BOA001  |j MZK50  |s A 
996 7 |b 2629982718  |c TK-0235.707  |l MZK  |r Sklad / do 24 hodin  |n 8  |w 000131006  |u 000010  |a 1  |e BOA001  |j MZK50  |s A